书目信息 |
| 题名: |
在你周围的事物
|
|
| 作者: | 伊林 著 ;王学源 译 | |
| 分册: | ||
| 出版信息: | 北京 中国青年出版社 1981 |
|
| 页数: | 335页 | |
| 开本: | 19cm | |
| 丛书名: | 伊林著作选 | |
| 单 册: | ||
| 中图分类: | N52 | |
| 科图分类: | ||
| 主题词: | 自然科学--普及读物 , 自然科学--选集 , 自然科学--全集 | |
| 电子资源: | ||
| ISBN: | ||
| 000 | 00765nam2 2200277 45 | |
| 001 | 0197021902 | |
| 005 | 20060420163431.64 | |
| 010 | @dCNY0.80 | |
| 100 | @a19970804e19961981em y0chiy0121 ea | |
| 101 | 1 | @achi@crus |
| 102 | @aCN@b110000 | |
| 105 | @af z 000yy | |
| 200 | 10 | @a在你周围的事物@Azai ni zhou wei de shi wu@f(苏)伊林著@F(su)yi lin zhu@g王学源译 |
| 205 | @a2版 | |
| 210 | @a北京@c中国青年出版社@d1981 | |
| 215 | @a335页@c插图@d19cm | |
| 225 | 2 | @a伊林著作选@h第5册 |
| 410 | 0 | @120010@a伊林著作选 |
| 606 | @a自然科学@x普及读物 | |
| 606 | 0 | @a自然科学@x选集 |
| 606 | 0 | @a自然科学@x全集 |
| 690 | @aN52 | |
| 701 | 0 | @a伊林@Ayi lin@4著 |
| 702 | 0 | @a王学源@Awang xue yuan@4译 |
| 801 | 0 | @aCN@bNLC@c20060420 |
| 905 | @f2@b56097-098@dN52@e76:5 | |
| 在你周围的事物/(苏)伊林著/王学源译.-2版.-北京:中国青年出版社,1981 |
| 335页:插图;19cm.-(伊林著作选.第5册) |
| ISBN :CNY0.80 |
| ● |
| 相关链接 |
|
|
|
|
正题名:在你周围的事物
索取号:N52/76:5
 
预约/预借
| 序号 | 登录号 | 条形码 | 馆藏地/架位号 | 状态 | 备注 |
| 1 | 0056097 | 001230215 | 第三借阅区/ [索取号:N52/76:5] | 在馆 | |
| 2 | 0056098 | 001230224 | 第二样本阅览室/ [索取号:N52/76:5] | 在馆 | |
| 3 | 0056099 | 000697589 | 密集书库/ [索取号:N52/76:5] | 在馆 |